| 000 | 00815pam a2200301 a 4500 | ||
|---|---|---|---|
| 001 | 3804760 | ||
| 003 | LC | ||
| 005 | 20160229142152.0 | ||
| 008 | 850515s1985 nyu 000 1 eng | ||
| 010 | _a 85010060 | ||
| 020 | _a9780449209738 | ||
| 040 |
_aDLC _cDLC _dDLC |
||
| 050 | 0 | 0 |
_aPR 9199.3 _b.M65 1986 |
| 082 | 0 | 0 |
_aFIC _bM83f 1985 |
| 100 | 1 |
_aMorrell, David. _920122 |
|
| 245 | 1 | 4 |
_aThe fraternity of the stone / _cDavid Morrell. |
| 250 | _a1st ed. | ||
| 260 |
_aNew York : _bFawcett Crest, _cc1986. |
||
| 300 |
_a461 p. ; _c18 cm. |
||
| 562 | _e1 | ||
| 650 |
_aFiction _9746 |
||
| 650 | _aAmerican fiction -- 20th century. | ||
| 650 | _aVermont -- Fiction. | ||
| 650 | _aAmerican -- Fiction. | ||
| 906 |
_a7 _bcbc _corignew _d1 _eocip _f19 _gy-gencatlg |
||
| 942 |
_2lcc _cBK |
||
| 999 |
_c11397 _d11397 |
||